| 000 | 00000cas 2200000zi 4500 |
| 001 | 9.891517 |
| 003 | CaOODSP |
| 005 | 20260408085204 |
| 006 | m o d f |
| 007 | cr ||||||||||| |
| 008 | 200916c20179999oncqr p o f0###a0eng|d |
| 040 | |aCaOODSP|beng|erda|cCaOODSP |
| 043 | |an-cn--- |
| 086 | 1 |aCP12-3E-PDF |
| 245 | 00|aPrivy Council Office continuous tracking of Canadians' views : |bquarterly methodology report / |cprepared by Elemental Data Collection ; prepared for: Privy Council Office. |
| 264 | 1|a[Ottawa] : |bPrivy Council Office, |c[2017]- |
| 310 | |aQuarterly |
| 336 | |atext|btxt|2rdacontent |
| 337 | |acomputer|bc|2rdamedia |
| 338 | |aonline resource|bcr|2rdacarrier |
| 362 | 1 |a[Q2 2017]- |
| 500 | |aIssued also in French under title: Bureau du Conseil priveĢ suivi continu des opinions des Canadiens : rapport de meĢthodologie trimestriel. |
| 520 | 8 |a"Through the use of a survey, PCO wanted to assess the perceptions of Canadians on government priorities. This input was needed because complex issues are often difficult to communicate to the Canadian public in a manner that is easily and clearly understood. By carrying out this research PCO will be able to ensure a better understanding of the views and concerns of the public and to develop effective communications strategies and products."--Introduction, report Q2 2019. |
| 588 | |aDescription based on: Q2 2019. |
| 588 | |aLatest issue consulted: Q2 2019. |
| 650 | 0|aPublic opinion polls|zCanada|vPeriodicals. |
| 655 | 7|aPeriodicals|2lcgft |
| 710 | 1 |aCanada. |bPrivy Council Office, |eissuing body. |
| 710 | 2 |aElemental Data Collection Inc., |econsultant. |
| 775 | 08|tBureau du Conseil privé suivi continu des opinions des Canadiens : |w(CaOODSP)9.891552 |